[Event "Roncana op 11th"]
[Site "Santa Eulalia de Roncana"]
[Date "2017.09.23"]
[Round "1"]
[White "Cervello Navarro, Hector"]
[Black "Massana Blanch, Jordi"]
[Result "1-0"]
[WhiteElo "1659"]
[BlackElo "2005"]
[PlyCount "59"]
[EventDate "2017.09.23"]
[EventType "swiss"]
[EventRounds "8"]
[EventCountry "ESP"]
[SourceTitle "CBM 187 Extra"]
[Source "ChessBase"]
[SourceDate "2018.11.04"]
[SourceVersion "1"]
[SourceVersionDate "2018.11.04"]
[SourceQuality "1"]

1. e4 c5 2. Nf3 g6 3. d4 cxd4 4. Nxd4 Bg7 5. Nc3 Nc6 6. Be3 d6 7. Bc4 Nf6 8. f3 0-0 9. Qd2 Bd7 10. 0-0-0 Rc8 11. Bb3 Ne5 12. h4 h5 13. g4 Nc4 14. Bxc4 Rxc4 15. Bh6 Nxe4 16. Qe3 Nxc3 17. Bxg7 Nxa2+ 18. Kb1 Kxg7 19. gxh5 e5 20. hxg6 fxg6 21. h5 Nc3+ 22. bxc3 Qb6+ 23. Kc1 exd4 24. Qe7+ Kg8 25. h6 Rf7 26. h7+ Kh8 27. Qxf7 Qd8 28. Rde1 Ra4 29. Re8+ Qxe8 30. Qf6# 1-0

[Event "Barbera del Valles op-B"]
[Site "Barbera del Valles"]
[Date "2008.07.09"]
[Round "4.2"]
[White "Rodriguez Pardo, Fernando"]
[Black "Massana Blanch, Jordi"]
[Result "0-1"]
[WhiteElo "2078"]
[BlackElo "1972"]
[PlyCount "70"]
[EventDate "2008.07.05"]
[EventType "swiss"]
[EventRounds "8"]
[EventCountry "ESP"]
[SourceTitle "EXT 2024"]
[Source "ChessBase"]
[SourceDate "2023.10.10"]
[SourceVersion "1"]
[SourceVersionDate "2023.10.10"]
[SourceQuality "1"]

1. d4 d5 2. Nf3 Nf6 3. c4 dxc4 4. Qa4+ Nc6 5. Nc3 Nd5 6. e4 Nb6 7. Qd1 Bg4 8. d5 Ne5 9. Be2 Bxf3 10. gxf3 e6 11. f4 Nd3+ 12. Bxd3 cxd3 13. Qxd3 exd5 14. exd5 c6 15. Be3 Nxd5 16. 0-0-0 Be7 17. Rhg1 0-0 18. Bd4 Bf6 19. Qg3 Bxd4 20. Rxd4 Qf6 21. Rd3 Qxf4+ 22. Kc2 Qxg3 23. Rdxg3 g6 24. Nxd5 cxd5 25. Rd1 Rac8+ 26. Kd3 Rfe8 27. Rg5 f5 28. h4 Kf7 29. h5 Kf6 30. Rdg1 Rg8 31. R1g2 Rg7 32. f4 Rc4 33. Ke3 Rc1 34. R5g3 Rf1 35. Rd2 Re7+ 0-1